Practical english usage : (Record no. 344076)

000 -LEADER
fixed length control field 00655 a2200193 4500
020 ## - INTERNATIONAL STANDARD BOOK NUMBER
International Standard Book Number 0194421465
020 ## - INTERNATIONAL STANDARD BOOK NUMBER
International Standard Book Number 9780194421461
090 ## - LOCALLY ASSIGNED LC-TYPE CALL NUMBER (OCLC); LOCAL CALL NUMBER (RLIN)
-- 1557
-- 1557
100 1# - MAIN ENTRY--PERSONAL NAME
Personal name Swan, Michael.
245 10 - TITLE STATEMENT
Title Practical english usage :
Remainder of title international student's edition /
Statement of responsibility, etc. Michael Swan.
260 ## - PUBLICATION, DISTRIBUTION, ETC.
Place of publication, distribution, etc. [S.l.] :
Name of publisher, distributor, etc. Oxford,
Date of publication, distribution, etc. 2001.
300 ## - PHYSICAL DESCRIPTION
Extent 654 p. ;
Dimensions 24 cm.
490 1# - SERIES STATEMENT
Series statement Second edition.
500 ## - GENERAL NOTE
General note Paperback.
830 #0 - SERIES ADDED ENTRY--UNIFORM TITLE
Uniform title Second edition.
856 40 - ELECTRONIC LOCATION AND ACCESS
Materials specified Amazon.com
Uniform Resource Identifier <a href="http://www.amazon.com/exec/obidos/ASIN/0194421465/chopaconline-20">http://www.amazon.com/exec/obidos/ASIN/0194421465/chopaconline-20</a>
856 40 - ELECTRONIC LOCATION AND ACCESS
Materials specified Amazon customer reviews
Uniform Resource Identifier <a href="http://www.chopac.org/cgi-bin/tools/azrev.pl?q=0194421465">http://www.chopac.org/cgi-bin/tools/azrev.pl?q=0194421465</a>
942 ## - ADDED ENTRY ELEMENTS (KOHA)
Institution code [OBSOLETE] NBS
Koha item type Book
Call number prefix 425 SWA
Holdings
Withdrawn status Lost status Source of classification or shelving scheme Damaged status Not for loan Permanent Location Current Location Date acquired Total Checkouts Total Renewals Full call number Barcode Checked out Date last seen Date last checked out Price effective from Koha item type
          Central Library (CL) Central Library (CL) 08/28/2013 3 3 428.24 SWA NBS2042 07/08/2022 11/06/2021 11/06/2021 08/28/2013 Book
© 2023 Central Library, National University of Sciences and Technology. All Rights Reserved.